[Event "FIDE Online Quarter final-2020"]
[Site "Online"]
[Date "2020.08.28"]
[Round "4.1"]
[White "Berdnyk, Mariia"]
[Black "Wang, Annie"]
[Result "0-1"]
[WhiteElo "2232"]
[BlackElo "2271"]
[Annotator "ChessBase"]
[PlyCount "150"]
[EventDate "2020.08.28"]
[EventType "k.o."]
[SourceTitle "playchess.com"]
[Source "ChessBase"]
[SourceQuality "1"]
[TimeControl "900+5"]

1. d4 {[%emt 0:00:01]} Nf6 {[%emt 0:00:02]} 2. c4 {[%emt 0:00:01]} e6 {[%emt 0:00:01]} 3. g3 {[%emt 0:00:01]} d5 {[%emt 0:00:02]} 4. Nf3 {[%emt 0:00:02]} dxc4 {[%emt 0:00:01]} 5. Bg2 {[%emt 0:00:02]} a6 {[%emt 0:00:03]} 6. O-O {[%emt 0:00:05]} Nc6 {[%emt 0:00:01]} 7. e3 {[%emt 0:00:01]} Bd7 {[%emt 0:00:03]} 8. Qe2 {[%emt 0:00:08]} Bd6 {[%emt 0:00:19]} 9. Qxc4 {[%emt 0:00:03]} O-O {[%emt 0:00:01]} 10. Rd1 {[%emt 0:00:14]} Qe7 {[%emt 0:00:03]} 11. Nc3 {[%emt 0:00:19]} h6 {[%emt 0:00:02]} 12. Qe2 {[%emt 0:02:06]} e5 {[%emt 0:02:22]} 13. dxe5 {[%emt 0:00:18]} Bxe5 {[%emt 0:00:20]} 14. Nxe5 {[%emt 0:00:14]} Qxe5 {[%emt 0:00:08]} 15. Bd2 {[%emt 0:01:29]} Rad8 {[%emt 0:01:12]} 16. Be1 {[%emt 0:00:32]} Rfe8 {[%emt 0:01:04]} 17. h3 {[%emt 0:00:17]} Qe6 {[%emt 0:00:44]} 18. Nd5 {[%emt 0:02:06]} Nxd5 {[%emt 0:00:32]} 19. Rxd5 {[%emt 0:00:01]} Ne7 {[%emt 0:00:31]} 20. Rdd1 {[%emt 0:00:39]} Bc6 {[%emt 0:00:45]} 21. Bc3 {[%emt 0:00:15]} Bxg2 {[%emt 0:00:41]} 22. Kxg2 {[%emt 0:00:01]} Nd5 {[%emt 0:00:02]} 23. Bd4 {[%emt 0:01:02]} c5 {[%emt 0:00:59]} 24. Bc3 {[%emt 0:00:07]} b5 {[%emt 0:00:48]} 25. Ba5 {[%emt 0:00:14]} Rd7 {[%emt 0:00:23]} 26. Qf3 {[%emt 0:00:06]} Nf6 {[%emt 0:00:29]} 27. Rxd7 {[%emt 0:00:11]} Nxd7 {[%emt 0:00:01]} 28. Rd1 {[%emt 0:00:49]} Ne5 {[%emt 0:00:05]} 29. Qd5 {[%emt 0:01:15]} Nc4 {[%emt 0:00:21]} 30. Bc3 {[%emt 0:01:43]} b4 {[%emt 0:00:31]} 31. Qxe6 {[%emt 0:00:54]} Rxe6 {[%emt 0:00:07]} 32. b3 {[%emt 0:00:17]} bxc3 {[%emt 0:02:27]} 33. bxc4 {[%emt 0:00:01]} Re4 {[%emt 0:00:05]} 34. Rc1 {[%emt 0:00:17]} Rxc4 {[%emt 0:00:02]} 35. Kf3 {[%emt 0:00:01]} Kf8 {[%emt 0:00:19]} 36. Ke2 {[%emt 0:00:01]} Ke7 {[%emt 0:00:10]} 37. Kd3 {[%emt 0:00:04]} Ra4 {[%emt 0:00:01]} 38. Rxc3 {[%emt 0:00:48]} Rxa2 {[%emt 0:00:03]} 39. f4 {[%emt 0:00:31]} Kd6 {[%emt 0:00:08]} 40. e4 {[%emt 0:00:08]} a5 {[%emt 0:00:20]} 41. g4 {[%emt 0:00:22]} Kc6 {[%emt 0:00:11]} 42. f5 {[%emt 0:00:07]} f6 {[%emt 0:00:23]} 43. Rb3 {[%emt 0:00:12]} a4 {[%emt 0:00:42]} 44. Rb8 {[%emt 0:00:01]} a3 {[%emt 0:00:30]} 45. Rg8 {[%emt 0:00:06]} Ra1 {[%emt 0:00:27]} 46. Kc2 {[%emt 0:00:12]} Rh1 {[%emt 0:00:03]} 47. Ra8 {[%emt 0:00:15]} Rxh3 {[%emt 0:00:03]} 48. Rg8 {[%emt 0:00:07]} Rh1 {[%emt 0:00:05]} 49. Kb3 {[%emt 0:00:03]} Rh3+ {[%emt 0:00:06]} 50. Ka2 {[%emt 0:00:02]} Kd6 {[%emt 0:00:08]} 51. Rxg7 {[%emt 0:00:08]} Ke5 {[%emt 0:00:01]} 52. Re7+ {[%emt 0:00:01]} Kd4 {[%emt 0:00:02]} 53. e5 {[%emt 0:00:13]} fxe5 {[%emt 0:00:04]} 54. f6 {[%emt 0:00:00]} Rf3 {[%emt 0:00:02]} 55. f7 {[%emt 0:00:02]} c4 {[%emt 0:00:08]} 56. Rd7+ {[%emt 0:00:03]} Ke4 {[%emt 0:00:01]} 57. Rc7 {[%emt 0:00:05]} Kd5 {[%emt 0:00:10]} 58. Rb7 {[%emt 0:00:15]} Kc6 {[%emt 0:00:12]} 59. Re7 {[%emt 0:00:04]} Kd6 {[%emt 0:00:01]} 60. Rb7 {[%emt 0:00:01]} Ke6 {[%emt 0:00:07]} 61. Rc7 {[%emt 0:00:04]} Rxf7 {[%emt 0:00:03]} 62. Rxc4 {[%emt 0:00:09]} Kd5 {[%emt 0:00:02]} 63. Rc3 {[%emt 0:00:02]} Rf4 {[%emt 0:00:05]} 64. Rh3 {[%emt 0:00:05]} Rxg4 {[%emt 0:00:03]} 65. Rxh6 {[%emt 0:00:01]} Ra4 {[%emt 0:00:06]} 66. Rh8 {[%emt 0:00:08]} Kd4 {[%emt 0:00:04]} 67. Rd8+ {[%emt 0:00:16]} Ke3 {[%emt 0:00:02]} 68. Re8 {[%emt 0:00:02]} e4 {[%emt 0:00:01]} 69. Re7 {[%emt 0:00:03]} Kd2 {[%emt 0:00:08]} 70. Rd7+ {[%emt 0:00:03]} Ke2 {[%emt 0:00:02]} 71. Re7 {[%emt 0:00:06]} e3 {[%emt 0:00:01]} 72. Re8 {[%emt 0:00:02]} Kd2 {[%emt 0:00:01]} 73. Rd8+ {[%emt 0:00:01]} Ke1 {[%emt 0:00:01]} 74. Re8 {[%emt 0:00:02]} e2 {[%emt 0:00:01]} 75. Re7 {[%emt 0:00:01]} Kf2 {[%emt 0:00:10]} 0-1

[Event "FIDE Online Quarter final-2020"]
[Site "Online"]
[Date "2020.08.28"]
[Round "4.1"]
[White "Sliwicka, Alicja"]
[Black "Balajayeva, Khanim"]
[Result "0-1"]
[WhiteElo "2134"]
[BlackElo "2268"]
[Annotator "ChessBase"]
[PlyCount "66"]
[EventDate "2020.08.28"]
[EventType "k.o."]
[SourceTitle "playchess.com"]
[Source "ChessBase"]
[SourceQuality "1"]
[TimeControl "900+5"]

1. e4 {[%emt 0:00:02]} e5 {[%emt 0:00:04]} 2. d4 {[%emt 0:00:03]} exd4 {[%emt 0:00:04]} 3. Nf3 {[%emt 0:00:01]} Nc6 {[%emt 0:00:01]} 4. Nxd4 {[%emt 0:00:02]} Nf6 {[%emt 0:00:04]} 5. Nc3 {[%emt 0:00:03]} Bc5 {[%emt 0:00:11]} 6. Nxc6 {[%emt 0:00:16]} bxc6 {[%emt 0:00:06]} 7. Bd3 {[%emt 0:00:22]} O-O {[%emt 0:00:51]} 8. O-O {[%emt 0:00:05]} d6 {[%emt 0:00:47]} 9. Bg5 {[%emt 0:00:12]} h6 {[%emt 0:00:29]} 10. Bh4 {[%emt 0:00:10]} Bd4 {[%emt 0:00:40]} 11. Na4 {[%emt 0:01:10]} a5 {[%emt 0:00:07]} 12. c3 {[%emt 0:00:07]} Ba7 {[%emt 0:00:02]} 13. Qf3 {[%emt 0:00:35]} g5 {[%emt 0:01:16]} 14. e5 {[%emt 0:01:51]} dxe5 {[%emt 0:00:09]} 15. Bg3 {[%emt 0:01:24]} Bg4 {[%emt 0:01:59]} 16. Qxc6 {[%emt 0:00:05]} Bd7 {[%emt 0:00:07]} 17. Qc4 {[%emt 0:00:19]} Bxa4 {[%emt 0:02:40]} 18. Bxe5 {[%emt 0:01:13]} Bd7 {[%emt 0:00:04]} 19. Rad1 {[%emt 0:01:55]} Be6 {[%emt 0:00:32]} 20. Qa4 {[%emt 0:00:06]} Qe7 {[%emt 0:00:15]} 21. Rfe1 {[%emt 0:01:36]} Rfd8 {[%emt 0:00:38]} 22. Qc2 {[%emt 0:00:18]} Rd7 {[%emt 0:01:20]} 23. h3 {[%emt 0:02:37]} Rad8 {[%emt 0:00:12]} 24. Qe2 {[%emt 0:00:05]} Rd5 {[%emt 0:00:58]} 25. Qf3 {[%emt 0:00:28]} Ne8 {[%emt 0:01:19]} 26. Bg3 {[%emt 0:01:28]} Qf6 {[%emt 0:00:30]} 27. Qe2 {[%emt 0:00:09]} Ng7 {[%emt 0:00:18]} 28. Bxc7 {[%emt 0:00:07]} Rxd3 {[%emt 0:00:13]} 29. Rxd3 {[%emt 0:00:18]} Rxd3 {[%emt 0:00:01]} 30. Be5 {[%emt 0:00:09]} Qf5 {[%emt 0:00:13]} 31. Rf1 {[%emt 0:00:07]} Rd5 {[%emt 0:00:11]} 32. Bg3 {[%emt 0:00:03]} Qd3 {[%emt 0:00:06]} 33. Qe1 {[%emt 0:00:02]} Qxg3 {[%emt 0:00:02]} 0-1

[Event "FIDE Online Quarter final-2020"]
[Site "Online"]
[Date "2020.08.29"]
[Round "4.2"]
[White "Duda, Jan-Krzysztof"]
[Black "Radjabov, Teimour"]
[Result "1/2-1/2"]
[WhiteElo "2940"]
[BlackElo "2835"]
[Annotator "RC"]
[PlyCount "53"]
[EventDate "2020.08.28"]
[EventType "k.o."]
[SourceTitle "playchess.com"]
[Source "ChessBase"]
[SourceQuality "1"]
[TimeControl "900+5"]

1. d4 {[%emt 0:00:02]} Nf6 {[%emt 0:00:03]} 2. c4 {[%emt 0:00:03]} e6 {[%emt 0:00:01]} 3. Nc3 {[%emt 0:00:03]} Bb4 {[%emt 0:00:02]} 4. e3 {[%emt 0:00:02]} d5 {[%emt 0:00:04]} 5. a3 {[%emt 0:03:39]} Bxc3+ {[%emt 0:00:25]} 6. bxc3 {[%emt 0:00:00]} O-O {[%emt 0:00:23]} 7. cxd5 {[%emt 0:00:11]} exd5 {[%emt 0:00:07]} 8. Bd3 {[%emt 0:00:03]} Re8 {[%emt 0:00:18]} 9. Ne2 {[%emt 0:00:04]} c5 {[%emt 0:00:32]} 10. O-O {[%emt 0:00:02]} b6 {[%emt 0:00:31]} 11. dxc5 {[%emt 0:00:45]} bxc5 {[%emt 0:00:04]} 12. c4 {[%emt 0:00:03]} Ba6 {[%emt 0:00:53]} 13. cxd5 {[%emt 0:00:04]} Bxd3 {[%emt 0:00:07]} 14. Qxd3 {[%emt 0:00:00]} Qxd5 {[%emt 0:00:12]} 15. Qxd5 {[%emt 0:01:26]} Nxd5 {[%emt 0:00:03]} 16. Ra2 {[%emt 0:00:00]} Nb6 {[%emt 0:01:11]} 17. Rc2 {[%emt 0:00:00]} Na6 {[%emt 0:00:36]} 18. f3 {[%emt 0:00:00]} Rad8 {[%emt 0:00:14]} 19. e4 {[%emt 0:00:00]} Rd3 {[%emt 0:00:09]} 20. Nf4 {[%emt 0:00:00]} Rb3 {[%emt 0:00:09]} 21. Rd1 {[%emt 0:00:00]} Rc8 {[%emt 0:00:28]} 22. Kf2 {[%emt 0:00:00]} f6 {[%emt 0:00:32]} 23. h4 {[%emt 0:02:00]} c4 {[%emt 0:00:27]} 24. Ne6 {[%emt 0:02:44]} Nc5 {[%emt 0:00:27]} 25. Nxc5 {[%emt 0:00:01]} Rxc5 {[%emt 0:00:01]} 26. Be3 {[%emt 0:00:01]} Rc7 {[%emt 0:00:06]} 27. Rdc1 {[%emt 0:00:34]} 1/2-1/2

[Event "FIDE Online Quarter final-2020"]
[Site "Online"]
[Date "2020.08.29"]
[Round "4.2"]
[White "Mamedov, Rauf"]
[Black "Wojtaszek, Radoslaw"]
[Result "1-0"]
[WhiteElo "2869"]
[BlackElo "2608"]
[Annotator "TA"]
[PlyCount "127"]
[EventDate "2020.08.28"]
[EventType "k.o."]
[SourceTitle "playchess.com"]
[Source "ChessBase"]
[SourceQuality "1"]

{[%evp 13,127,27,29,16,20,14,18,18,17,12,12,7,27,29,31,17,29,24,36,14,11,0,0,0,6,0,9,10,33,0,0,0,60,40,95,74,68,-15,47,43,56,-75,25,23,139,44,58,0,15,0,0,-16,34,-4,195,206,232,218,272,245,371,359,374,311,619,401,333,67,53,14,25,0,321,184,182,189,188,185,552,543,1252,1218,1965,2095,29995,29994,29994,29995,29995,29996,29996,29987,29987,29988,29988,0,0,0,29988,29989,29989,29990,29990,29991,29991,29992,29992,0,0,0,29992,29993,29993,29994,29994,29995]} 1. e4 c6 2. d4 d5 3. Nc3 dxe4 4. Nxe4 Bf5 5. Ng3 Bg6 6. N1e2 e6 7. Nf4 Bd6 8. Ngh5 {B18: Classical Caro-Kann: 4...Bf5 sidelines.} Bxh5 9. Nxh5 g6 10. Ng3 {The position is equal.} Nf6 11. c3 Nbd7 12. Bc4 Qc7 13. Qf3 h5 14. Bg5 Be7 {[#]} 15. h4 $146 ({Predecessor:} 15. O-O h4 16. Ne2 O-O-O 17. b4 Rh5 18. Bf4 Bd6 19. Bxd6 Qxd6 20. a4 g5 21. b5 {0-1 (36) Chernov,M (2266)-Terentev,M (2086) Sochi 2019}) 15... Nd5 16. Bd2 N7f6 17. Bb3 a5 18. c4 Nb6 {White should prevent ...a4.} 19. a3 Nbd7 20. O-O-O O-O 21. Bg5 b5 22. c5 Rae8 (22... a4 $11 23. Ba2 Rfe8) 23. Rhe1 Nd5 (23... Kg7 $14) 24. Kb1 N7f6 25. Qd3 (25. Bxd5 $14 Nxd5 26. Bh6) 25... Nf4 (25... Kg7 $11) 26. Qd2 N4d5 27. Bc2 (27. Bxd5 $14 {stays ahead.} Nxd5 28. Bh6) 27... Nh7 (27... Rb8 $1 $17) 28. Bh6 $11 Bxh4 {[#]} (28... Rb8 $11) 29. Ne4 (29. Nxh5 $1 $16 {[%mdl 512] aiming for g3.} a4 (29... gxh5 30. Rh1) 30. Nf4 (30. Bxf8 Nxf8 31. g3 Be7 $18)) 29... Be7 $14 30. g4 hxg4 31. Rh1 $36 {[%mdl 2048] White is more active.} f5 32. Rdg1 Rf7 33. f3 {With the idea Nc3.} Bf8 $2 (33... b4 $1 $11 {and Black has nothing to worry.}) 34. Bxf8 $1 $18 Rexf8 35. Nd6 Rg7 36. fxg4 f4 (36... Qe7 $142 37. gxf5 (37. Qxa5 f4 $14) 37... gxf5 38. Qxa5 b4 39. axb4 Ng5) 37. Rh6 Qe7 38. Rgh1 Qg5 $2 (38... f3 39. Bxg6 f2) 39. Qh2 {[%cal Rh6h7]} Ndf6 40. Ne4 $2 (40. Rh4 $18) 40... Nxe4 $14 41. Bxe4 {Strongly threatening Rxg6!} Nf6 42. Bxc6 {Rh8+ is the strong threat.} Nxg4 $2 {[%mdl 8192]} (42... Nh5 $1 $11) 43. Rh8+ (43. Qg2 $142) 43... Kf7 $18 44. Rxf8+ Kxf8 {[#]} 45. Qe2 $1 {[%cal Re2b5]} Ne3 $2 (45... Nf6 {is tougher.} 46. Qxe6 (46. Qxb5 Qf5+ 47. Ka2 g5 $16) 46... Qf5+ 47. Qxf5 gxf5) 46. Qxb5 Qf5+ 47. Ka2 Kf7 48. Qb8 Qc2 49. Qc7+ Kf6 50. Qe5+ Kf7 {[#]} 51. Be8+ $1 {[%mdl 512]} Kxe8 52. Qxg7 {[%cal Rh1h8][%mdl 4096] Endgame KQR-KQN} Qc4+ {[#]} 53. Kb1 $1 {[%cal Rh1h8]} ({Weaker is} 53. Ka1 Nc2+ 54. Kb1 Nxa3+ 55. Ka1 (55. bxa3 Qb3+ {[%mdl 64] Double Attack} 56. Kc1 Qc3+ 57. Kd1 Qb3+ 58. Kd2 Qb2+ 59. Kd3 Qb3+ 60. Ke2 Qe3+ 61. Kf1 Qf3+ 62. Kg1 Qe3+ 63. Kg2 Qe2+ 64. Kg1 Qe1+ 65. Kg2 Qe4+ 66. Kf2 Qe3+ {[%mdl 64] Double Attack} 67. Kg2 Qe2+ 68. Kg1 Qe1+ 69. Kg2 Qe2+ $11) 55... Nc2+ 56. Kb1 Na3+ 57. bxa3 Qb3+ 58. Kc1 (58. Ka1 Qxa3+ 59. Kb1 Qb3+ 60. Kc1 Qc3+ 61. Kb1 Qb3+ 62. Ka1 Qc3+ 63. Kb1 Qb3+ $11) 58... Qc3+ 59. Kd1 (59. Kb1 Qb3+ 60. Ka1 Qxa3+ 61. Kb1 Qb3+ 62. Ka1 Qc3+ 63. Kb1 Qb3+ 64. Ka1 Qc3+ 65. Kb1 Qb3+ $11) 59... Qb3+ 60. Ke2 Qe3+ 61. Kf1 Qf3+ 62. Kg1 Qe3+ 63. Kg2 Qg3+ 64. Kf1 Qf3+ 65. Kg1 Qe3+ 66. Kg2 Qe2+ 67. Kg1 Qe1+ 68. Kg2 Qe2+ 69. Kg1 Qe1+ 70. Kg2 Qe2+ $11) 53... Qd3+ 54. Ka2 $2 (54. Ka1 Nc2+ 55. Ka2 Qc4+ 56. b3 Nb4+ 57. axb4 Qc2+ 58. Ka3 axb4+ 59. Kxb4) 54... Qc4+ $11 55. Kb1 $2 {[%mdl 8192]} (55. Ka1 $11 Nc2+ 56. Kb1 Nxa3+ 57. bxa3 Qb3+ {[%mdl 64] Double Attack} 58. Ka1 Qxa3+ 59. Kb1 Qb3+ 60. Ka1 Qa3+ 61. Kb1 Qb3+ 62. Ka1 Qc3+ 63. Ka2 (63. Kb1 Qb3+ $11) 63... Qc2+ 64. Ka3 (64. Ka1 Qc3+ 65. Kb1 Qb3+ $11) 64... Qc3+ 65. Ka2 Qc2+ 66. Ka1 Qc3+ 67. Kb1 Qb3+) 55... Qd3+ 56. Ka1 {[%cal Rh1h8]} Nc2+ 57. Ka2 {[%cal Rh1h8]} Qc4+ 58. b3 {[%cal Rh1h8]} Nb4+ 59. axb4 {[%cal Rh1h8]} Qc2+ 60. Ka1 $2 (60. Ka3 {mates} axb4+ 61. Kxb4 Qd2+ 62. Kb5 Qe2+ 63. Kb6 Qh5 64. Rxh5 gxh5 65. c6 f3 66. c7 h4 67. c8=Q#) 60... Qc3+ 61. Ka2 {[%cal Rh1h8]} Qc2+ 62. Ka3 {[%cal Rh1h8] White mates.} axb4+ 63. Ka4 {[%cal Rh1h8]} Qa2+ 64. Kb5 {Accuracy: White = 70%, Black = 49%.} 1-0

[Event "FIDE Online Quarter final-2020"]
[Site "Online"]
[Date "2020.08.29"]
[Round "4.2"]
[White "Shankland, Sam"]
[Black "Shtembuliak, Evgeny"]
[Result "1-0"]
[WhiteElo "2757"]
[BlackElo "2478"]
[Annotator "ChessBase"]
[PlyCount "73"]
[EventDate "2020.08.28"]
[EventType "k.o."]
[SourceTitle "playchess.com"]
[Source "ChessBase"]
[SourceQuality "1"]
[TimeControl "900+5"]

1. d4 {[%emt 0:00:05]} g6 {[%emt 0:00:01]} 2. e4 {[%emt 0:00:02]} d6 {[%emt 0:00:01]} 3. c4 {[%emt 0:00:03]} Bg7 {[%emt 0:00:02]} 4. Nc3 {[%emt 0:00:03]} e5 {[%emt 0:00:01]} 5. Nf3 {[%emt 0:00:01]} Nc6 {[%emt 0:00:03]} 6. dxe5 {[%emt 0:00:03]} dxe5 {[%emt 0:00:25]} 7. Qxd8+ {[%emt 0:00:01]} Kxd8 {[%emt 0:00:47]} 8. Be3 {[%emt 0:00:02]} Bg4 {[%emt 0:01:15]} 9. Ng5 {[%emt 0:00:54]} Ke8 {[%emt 0:00:05]} 10. Nb5 {[%emt 0:00:58]} h6 {[%emt 0:02:56]} 11. Nf3 {[%emt 0:00:15]} Kd8 {[%emt 0:00:38]} 12. O-O-O+ {[%emt 0:00:16]} Kc8 {[%emt 0:00:02]} 13. Be2 {[%emt 0:00:50]} Nf6 {[%emt 0:01:04]} 14. h3 {[%emt 0:00:10]} Bxf3 {[%emt 0:00:09]} 15. Bxf3 {[%emt 0:00:00]} h5 {[%emt 0:00:48]} 16. g4 {[%emt 0:00:37]} a6 {[%emt 0:00:06]} 17. Nc3 {[%emt 0:00:13]} Nd4 {[%emt 0:00:27]} 18. Bg2 {[%emt 0:00:25]} hxg4 {[%emt 0:02:06]} 19. hxg4 {[%emt 0:00:03]} Rxh1 {[%emt 0:00:05]} 20. Rxh1 {[%emt 0:00:01]} c6 {[%emt 0:01:01]} 21. f4 {[%emt 0:01:00]} Ne6 {[%emt 0:01:22]} 22. f5 {[%emt 0:00:34]} Nxg4 {[%emt 0:02:17]} 23. fxe6 {[%emt 0:00:06]} Nxe3 {[%emt 0:00:02]} 24. Rh7 {[%emt 0:00:00]} Bf8 {[%emt 0:00:09]} 25. Rxf7 {[%emt 0:00:13]} Bh6 {[%emt 0:00:01]} 26. Bh3 {[%emt 0:00:38]} Kb8 {[%emt 0:00:38]} 27. e7 {[%emt 0:00:56]} Ka7 {[%emt 0:00:07]} 28. Bd7 {[%emt 0:00:04]} Nxc4+ {[%emt 0:00:02]} 29. Kc2 {[%emt 0:00:06]} Nd6 {[%emt 0:00:07]} 30. Rf6 {[%emt 0:00:21]} Ne8 {[%emt 0:00:23]} 31. Rxg6 {[%emt 0:00:08]} Be3 {[%emt 0:00:09]} 32. Rg8 {[%emt 0:00:12]} Nf6 {[%emt 0:00:01]} 33. Rf8 {[%emt 0:00:21]} Bg5 {[%emt 0:00:10]} 34. Na4 {[%emt 0:01:16]} Rb8 {[%emt 0:00:08]} 35. Nb6 {[%emt 0:00:36]} Bh4 {[%emt 0:00:09]} 36. Nc8+ {[%emt 0:00:06]} Ka8 {[%emt 0:00:01]} 37. Rxf6 {[%emt 0:00:03]} 1-0

[Event "FIDE Online Quarter final-2020"]
[Site "Online"]
[Date "2020.08.29"]
[Round "4.2"]
[White "Korobov, Anton"]
[Black "So, Wesley"]
[Result "0-1"]
[WhiteElo "2736"]
[BlackElo "2754"]
[Annotator "ChessBase"]
[PlyCount "108"]
[EventDate "2020.08.28"]
[EventType "k.o."]
[SourceTitle "playchess.com"]
[Source "ChessBase"]
[SourceQuality "1"]
[TimeControl "900+5"]

1. d4 {[%emt 0:00:01]} Nf6 {[%emt 0:00:03]} 2. Nf3 {[%emt 0:00:01]} d5 {[%emt 0:00:04]} 3. e3 {[%emt 0:00:02]} e6 {[%emt 0:00:39]} 4. Bd3 {[%emt 0:00:07]} c5 {[%emt 0:00:38]} 5. b3 {[%emt 0:00:03]} b6 {[%emt 0:00:23]} 6. O-O {[%emt 0:00:25]} Bb7 {[%emt 0:00:07]} 7. Bb2 {[%emt 0:00:05]} Be7 {[%emt 0:00:43]} 8. Nbd2 {[%emt 0:00:07]} O-O {[%emt 0:00:04]} 9. Ne5 {[%emt 0:00:35]} Nbd7 {[%emt 0:00:22]} 10. Qe2 {[%emt 0:00:59]} Rc8 {[%emt 0:00:16]} 11. Rad1 {[%emt 0:00:21]} Qc7 {[%emt 0:00:16]} 12. f4 {[%emt 0:00:16]} g6 {[%emt 0:01:55]} 13. Ndf3 {[%emt 0:01:29]} cxd4 {[%emt 0:01:15]} 14. exd4 {[%emt 0:00:10]} Ne4 {[%emt 0:00:12]} 15. Nxd7 {[%emt 0:00:24]} Qxd7 {[%emt 0:00:02]} 16. Ne5 {[%emt 0:00:02]} Qc7 {[%emt 0:00:09]} 17. Bxe4 {[%emt 0:00:02]} dxe4 {[%emt 0:00:00]} 18. c4 {[%emt 0:00:01]} Rfd8 {[%emt 0:01:09]} 19. a4 {[%emt 0:01:29]} a6 {[%emt 0:00:13]} 20. Qe1 {[%emt 0:00:44]} b5 {[%emt 0:00:47]} 21. Bc3 {[%emt 0:00:50]} Qd6 {[%emt 0:01:26]} 22. axb5 {[%emt 0:00:22]} axb5 {[%emt 0:00:00]} 23. c5 {[%emt 0:00:05]} Qd5 {[%emt 0:00:12]} 24. Ng4 {[%emt 0:00:09]} f5 {[%emt 0:00:50]} 25. Ne3 {[%emt 0:00:18]} Qxb3 {[%emt 0:00:46]} 26. Rf2 {[%emt 0:02:09]} Ra8 {[%emt 0:00:51]} 27. Rb2 {[%emt 0:00:37]} Qa4 {[%emt 0:00:03]} 28. g4 {[%emt 0:00:29]} fxg4 {[%emt 0:00:56]} 29. Rb4 {[%emt 0:01:42]} Qa6 {[%emt 0:00:02]} 30. Nxg4 {[%emt 0:00:02]} Qc6 {[%emt 0:00:02]} 31. Qe3 {[%emt 0:00:18]} Bxc5 {[%emt 0:00:23]} 32. Rbb1 {[%emt 0:00:29]} Be7 {[%emt 0:00:07]} 33. Bb4 {[%emt 0:00:30]} Bxb4 {[%emt 0:00:27]} 34. Rxb4 {[%emt 0:00:00]} Ra2 {[%emt 0:00:03]} 35. Rc1 {[%emt 0:00:17]} Rc2 {[%emt 0:00:04]} 36. Rbb1 {[%emt 0:00:12]} Rc8 {[%emt 0:00:18]} 37. Rxc2 {[%emt 0:00:41]} Qxc2 {[%emt 0:00:00]} 38. Qb3 {[%emt 0:00:01]} Qxb3 {[%emt 0:00:53]} 39. Rxb3 {[%emt 0:00:00]} Rc1+ {[%emt 0:00:05]} 40. Kf2 {[%emt 0:00:08]} Rc2+ {[%emt 0:00:01]} 41. Kg3 {[%emt 0:00:19]} Bc6 {[%emt 0:00:05]} 42. Ne5 {[%emt 0:00:25]} Be8 {[%emt 0:00:24]} 43. Ra3 {[%emt 0:00:05]} Rd2 {[%emt 0:00:27]} 44. Ra7 {[%emt 0:00:22]} Rxd4 {[%emt 0:00:01]} 45. Ng4 {[%emt 0:00:01]} Kf8 {[%emt 0:00:07]} 46. Nf6 {[%emt 0:00:01]} Bc6 {[%emt 0:00:02]} 47. Nxh7+ {[%emt 0:00:05]} Ke8 {[%emt 0:00:01]} 48. Ng5 {[%emt 0:00:02]} Bd5 {[%emt 0:00:06]} 49. Nf7 {[%emt 0:00:11]} b4 {[%emt 0:00:06]} 50. Nd6+ {[%emt 0:00:16]} Kd8 {[%emt 0:00:02]} 51. Nf7+ {[%emt 0:00:05]} Kc8 {[%emt 0:00:03]} 52. Nd6+ {[%emt 0:00:01]} Kb8 {[%emt 0:00:02]} 53. Ra5 {[%emt 0:00:01]} b3 {[%emt 0:00:06]} 54. Rb5+ {[%emt 0:00:01]} Kc7 {[%emt 0:00:04]} 0-1

[Event "FIDE Online Quarter final-2020"]
[Site "Online"]
[Date "2020.08.29"]
[Round "4.2"]
[White "Shevchenko, Kirill"]
[Black "Xiong, Jeffery"]
[Result "1/2-1/2"]
[WhiteElo "2728"]
[BlackElo "2710"]
[Annotator "ChessBase"]
[PlyCount "95"]
[EventDate "2020.08.28"]
[EventType "k.o."]
[SourceTitle "playchess.com"]
[Source "ChessBase"]
[SourceQuality "1"]
[TimeControl "900+5"]

1. e4 {[%emt 0:00:02]} e5 {[%emt 0:00:02]} 2. Nf3 {[%emt 0:00:02]} Nc6 {[%emt 0:00:00]} 3. Bb5 {[%emt 0:00:01]} Nf6 {[%emt 0:00:01]} 4. O-O {[%emt 0:00:05]} Nxe4 {[%emt 0:00:01]} 5. d4 {[%emt 0:00:00]} Nd6 {[%emt 0:00:00]} 6. Bxc6 {[%emt 0:00:01]} dxc6 {[%emt 0:00:01]} 7. dxe5 {[%emt 0:00:01]} Nf5 {[%emt 0:00:00]} 8. Qxd8+ {[%emt 0:00:02]} Kxd8 {[%emt 0:00:00]} 9. Nc3 {[%emt 0:00:10]} Bd7 {[%emt 0:00:01]} 10. h3 {[%emt 0:00:21]} h6 {[%emt 0:00:02]} 11. b3 {[%emt 0:00:11]} Kc8 {[%emt 0:00:01]} 12. Bb2 {[%emt 0:00:03]} b6 {[%emt 0:00:02]} 13. Rad1 {[%emt 0:00:12]} Ne7 {[%emt 0:00:02]} 14. Rfe1 {[%emt 0:00:33]} c5 {[%emt 0:00:04]} 15. Ne2 {[%emt 0:00:36]} Be6 {[%emt 0:00:12]} 16. Nf4 {[%emt 0:01:59]} Kb7 {[%emt 0:00:02]} 17. c4 {[%emt 0:03:25]} Nc6 {[%emt 0:01:32]} 18. Rd2 {[%emt 0:03:21]} Be7 {[%emt 0:01:34]} 19. g4 {[%emt 0:00:41]} g5 {[%emt 0:01:22]} 20. Nxe6 {[%emt 0:01:00]} fxe6 {[%emt 0:00:00]} 21. Kg2 {[%emt 0:00:38]} Raf8 {[%emt 0:00:56]} 22. Nh2 {[%emt 0:01:02]} Bd8 {[%emt 0:00:18]} 23. Nf1 {[%emt 0:00:31]} Ne7 {[%emt 0:00:01]} 24. Ng3 {[%emt 0:00:02]} Ng6 {[%emt 0:00:01]} 25. Red1 {[%emt 0:00:44]} Be7 {[%emt 0:02:04]} 26. Rd7 {[%emt 0:00:05]} Rh7 {[%emt 0:00:59]} 27. Ne4 {[%emt 0:00:34]} Rhf7 {[%emt 0:00:02]} 28. Nd6+ {[%emt 0:00:40]} Bxd6 {[%emt 0:00:06]} 29. Rxf7 {[%emt 0:00:02]} Rxf7 {[%emt 0:00:00]} 30. exd6 {[%emt 0:00:00]} Rd7 {[%emt 0:00:28]} 31. Bg7 {[%emt 0:00:16]} Nf4+ {[%emt 0:03:55]} 32. Kh2 {[%emt 0:00:02]} h5 {[%emt 0:00:10]} 33. gxh5 {[%emt 0:00:01]} Nxh5 {[%emt 0:00:06]} 34. Be5 {[%emt 0:00:01]} Nf4 {[%emt 0:00:18]} 35. Bxf4 {[%emt 0:00:24]} gxf4 {[%emt 0:00:02]} 36. Kg2 {[%emt 0:00:01]} cxd6 {[%emt 0:00:15]} 37. h4 {[%emt 0:00:03]} Kc6 {[%emt 0:00:09]} 38. Kf3 {[%emt 0:00:02]} b5 {[%emt 0:01:28]} 39. Kxf4 {[%emt 0:00:11]} bxc4 {[%emt 0:00:01]} 40. bxc4 {[%emt 0:00:00]} Rf7+ {[%emt 0:00:06]} 41. Kg5 {[%emt 0:00:06]} Rxf2 {[%emt 0:00:05]} 42. Rh1 {[%emt 0:00:01]} Kd7 {[%emt 0:00:33]} 43. h5 {[%emt 0:00:10]} Ke7 {[%emt 0:00:00]} 44. h6 {[%emt 0:00:03]} Rg2+ {[%emt 0:00:02]} 45. Kf4 {[%emt 0:00:09]} Rf2+ {[%emt 0:00:21]} 46. Kg5 {[%emt 0:00:02]} Rg2+ {[%emt 0:00:04]} 47. Kf4 {[%emt 0:00:01]} Rf2+ {[%emt 0:00:15]} 48. Kg5 {[%emt 0:00:14]} 1/2-1/2